| 000 | 01940nam a2200469Ii 4500 | ||
|---|---|---|---|
| 001 | DIGTEBAR0212 | ||
| 003 | NyNyDIG | ||
| 006 | m o d | ||
| 007 | cr ||||||||||| | ||
| 008 | 240606s2005 sp a ob 000 0 spa d | ||
| 035 | _a(OCoLC)1437903951 | ||
| 040 |
_aDGITA _beng _erda _epn _cDGITA |
||
| 020 |
_a9788473603928 _qeBook |
||
| 020 | _z9788473602037 | ||
| 041 | 1 |
_aspa _hger |
|
| 050 | 1 | 4 | _aBF575.H27 ebook |
| 082 | 0 | 4 |
_a152.42 _223 |
| 100 | 1 |
_aKüstenmacher, Werner, _eauthor, _eillustrator. |
|
| 240 | 1 | 0 |
_aEinfacher und glücklicher leben. _lSpanish _s(Poyán Rubow) |
| 245 | 1 | 0 |
_aSimplifica tu vida : _bvivir feliz de manera sencilla / _cWerner Tiki Küstenmacher con Lothar J. Seiwert ; con ilustraciones de Wener Tiki Küstenmacher ; traducción, Daniel Poyán Rubow. |
| 246 | 3 | 0 | _aVivir feliz de manera sencilla |
| 264 | 1 |
_aMadrid : _bEditorial Tébar, _c[2005] |
|
| 300 |
_a1 online resource : _billustrations. |
||
| 336 |
_atext _btxt _2rdacontent |
||
| 337 |
_acomputer _bc _2rdamedia |
||
| 338 |
_aonline resource _bcr _2rdacarrier |
||
| 347 |
_atext file _2rdaft |
||
| 347 | _bPDF | ||
| 504 | _aIncludes bibliographical references. | ||
| 588 | 0 | _aOnline resource; title from PDF title page (Digitalia, viewed June 6, 2024) | |
| 650 | 0 | _aHappiness. | |
| 650 | 0 | _aSelf-realization. | |
| 700 | 1 |
_aSeiwert, Lothar, _eauthor. |
|
| 700 | 1 |
_aPoyán Rubow, Daniel, _etranslator. |
|
| 700 | 1 |
_iTranslation of: _aKüstenmacher, Werner. _tEinfacher und glücklicher leben. |
|
| 791 | 2 |
_aDigitalia (Firm), _edistributor. |
|
| 793 | 0 |
_gDigitalia eBook Collection: _aEditorial Tebar |
|
| 776 | 0 | 8 |
_iPrint version: _aKüstenmacher, Werner. _sEinfacher und glücklicher leben. Spanish (Poyán Rubow). _tSimplifica tu vida. _dMadrid : Editorial Tébar, [2005] _z9788473602037 |
| 856 | 4 | 0 |
_3Digitalia Hispánica _uhttps://www.digitaliapublishing.com/a/144193/ |
| 910 | _aPremium collection: 2024 | ||
| 942 | _cRAA | ||
| 999 |
_c285583 _d285583 |
||